书目信息 |
| 题名: |
形意八卦拳
|
|
| 作者: | 贾保寿 著 ;武大伟 整理 | |
| 分册: | ||
| 出版信息: | 北京 北京科学技术出版社 2017 |
|
| 页数: | 197页 | |
| 开本: | 24cm | |
| 丛书名: | 百家功夫丛书 | |
| 单 册: | ||
| 中图分类: | G852.16 | |
| 科图分类: | ||
| 主题词: | 八卦掌--基本知识 | |
| 电子资源: | ||
| ISBN: | 978-7-5304-8707-5 | |
| 000 | 00833oam2 2200253 450 | |
| 001 | 331 | |
| 005 | 20180520205620.72 | |
| 010 | @a978-7-5304-8707-5@dCNY52.00 | |
| 100 | @a20170619d2017 em y0chiy50 ea | |
| 101 | 0 | @achi |
| 102 | @aCN@b110000 | |
| 105 | @aa z 000yy | |
| 200 | 1 | @a形意八卦拳@9xing yi ba gua quan@f贾保寿著@g武大伟整理 |
| 210 | @a北京@c北京科学技术出版社@d2017 | |
| 215 | @a197页@c图,照片@d24cm | |
| 225 | 1 | @a百家功夫丛书@h第二辑 |
| 330 | @a本书的内容不仅有详细的文字说明,更配有清晰明确的动作图解,除了介绍形意八卦拳的具体习练流程外,还展示了诸多武术大师的精辟拳论。 | |
| 461 | 0 | @12001 @a百家功夫丛书 |
| 606 | 0 | @a八卦掌@x基本知识 |
| 690 | @aG852.16@v5 | |
| 701 | 0 | @a贾保寿@9jia bao shou@4著 |
| 702 | 0 | @a武大伟@9wu da wei@4整理 |
| 801 | 0 | @aCN@b91MARC@c20170619 |
| 905 | @aMuseLib@dG852.16@e381 | |
| 形意八卦拳/贾保寿著/武大伟整理.-北京:北京科学技术出版社,2017 |
| 197页:图,照片;24cm.-(百家功夫丛书.第二辑) |
| ISBN 978-7-5304-8707-5:CNY52.00 |
| 本书的内容不仅有详细的文字说明,更配有清晰明确的动作图解,除了介绍形意八卦拳的具体习练流程外,还展示了诸多武术大师的精辟拳论。 |
| ● |
| 相关链接 |
|
|
|
|
正题名:形意八卦拳
索取号:G852.16/381
 
预约/预借
| 序号 | 登录号 | 条形码 | 馆藏地/架位号 | 状态 | 备注 |
| 1 | 1101918 | 211019182 | 第一样本阅览室/ [索取号:G852.16/381] | 在馆 | |
| 2 | 1101919 | 211019191 | 教育系资料室/ [索取号:G852.16/381] | 在馆 | |
| 3 | 1101920 | 211019208 | 教育系资料室/ [索取号:G852.16/381] | 在馆 | |
| 4 | 1101921 | 211019217 | 教育系资料室/ [索取号:G852.16/381] | 在馆 | |
| 5 | 1101922 | 211019226 | 第四借阅区/ [索取号:G852.16/381] | 在馆 | |
| 6 | 1101923 | 211019235 | 第四借阅区/ [索取号:G852.16/381] | 在馆 |